| 000 | 00611nam a2200193 i 4500 | ||
|---|---|---|---|
| 001 | 42287 | ||
| 003 | ES-MaACL | ||
| 005 | 20230906160601.0 | ||
| 007 | t| | ||
| 008 | 030313s1976 fr f ||||1| spa d | ||
| 080 | _a344.311(460)"1939/75" | ||
| 100 | 1 |
_aCelhay, Pierre. _937356 |
|
| 245 | 1 | 0 |
_aConsejos de guerra en España : _bfascismo contra Euskadi / _cPierre Celhay. |
| 260 |
_a[Paris] : _bRuedo Ibérico, _c[1976] |
||
| 300 |
_aXIV, 308 p., 4 lám. ; _c24 cm. |
||
| 650 |
_aConsejos de guerra- _zEspaña- _y1939-1975. _9155066 |
||
| 710 | 2 |
_aÉditions Ruedo ibérico. _9145333 |
|
| 852 | 4 |
_aES-MaACL _jL-3075 |
|
| 999 |
_c42287 _d42287 |
||